[Event "DSJ Weihnachtsturnier U20 2020"]
[Site "https://play.chessbase.com/en/play?room=DSJWeihnachtU20"]
[Date "2020.12.29"]
[Round "3"]
[White "Hoffknecht, Philipp"]
[Black "Wilczek, Mailo"]
[Result "1-0"]
[Termination "normal"]
[Board "19.3"]
[WhiteElo "1575"]
[BlackElo "1232"]
[WhiteTeam "Schachfreunde 1974 Heinsberg"]
[BlackTeam "Schachfreunde Greiz"]
[PlyCount "89"]
[WhiteFideId "16294629"]
[BlackFideId "34663045"]
[EventRounds "7"]
[EventType "team-swiss"]
[EventDate "2020.12.29"]

1. e4 {[%emt 0:00:10]} e5 {[%emt 0:00:04]} 2. Nf3 {[%emt 0:00:02]} Nc6 { [%emt
0:00:03]} 3. Bc4 {[%emt 0:00:02]} Bc5 {[%emt 0:00:01]} 4. c3 {[%emt 0:00:06]}
Nf6 {[%emt 0:00:12]} 5. d4 {[%emt 0:00:44]} exd4 {[%emt 0:00:21]} 6. cxd4
{[%emt 0:00:04]} Nxd4 {[%emt 0:00:08]} 7. Nxd4 {[%emt 0:00:05]} d5 {[%emt
0:00:01]} 8. exd5 {[%emt 0:00:07]} Nxd5 {[%emt 0:00:00]} 9. O-O {[%emt
0:00:10]} O-O {[%emt 0:00:13]} 10. Nb5 {[%emt 0:00:29]} Nb6 {[%emt 0:00:17]}
11. Bb3 { [%emt 0:00:12]} c6 {[%emt 0:00:08]} 12. Qxd8 {[%emt 0:00:28]} Rxd8
{[%emt 0:00:03]} 13. N5c3 {[%emt 0:00:03]} Bf5 {[%emt 0:00:29]} 14. Bg5 {[%emt
0:00:22]} Rd6 {[%emt 0:00:24]} 15. Be7 {[%emt 0:00:07]} Rg6 {[%emt 0:02:05]}
16. Bxc5 { [%emt 0:00:30]} Re8 {[%emt 0:00:17]} 17. Kh1 {[%emt 0:00:35]} Rh6
{[%emt 0:00:16]} 18. Nd2 {[%emt 0:00:15]} Nd7 {[%emt 0:00:09]} 19. Be3 {[%emt
0:00:07]} Rh5 {[%emt 0:00:04]} 20. Nf3 {[%emt 0:00:14]} Nf6 {[%emt 0:00:19]}
21. Ng5 { [%emt 0:00:04]} Re7 {[%emt 0:00:42]} 22. Rad1 {[%emt 0:00:37]} h6
{[%emt 0:00:47]} 23. Rd8+ {[%emt 0:00:09]} Ne8 {[%emt 0:00:16]} 24. Rxe8+
{[%emt 0:01:31]} Rxe8 {[%emt 0:00:04]} 25. Bxf7+ {[%emt 0:00:04]} Kf8 {[%emt
0:00:11]} 26. Bxh5 {[%emt 0:00:04]} hxg5 {[%emt 0:00:05]} 27. Bxe8 {[%emt
0:00:03]} Kxe8 {[%emt 0:00:02]} 28. Bxg5 {[%emt 0:00:02]} Kf7 {[%emt 0:00:23]}
29. f4 {[%emt 0:00:09]} g6 {[%emt 0:00:05]} 30. Re1 {[%emt 0:00:03]} Kg8 {[%emt
0:00:30]} 31. Re7 { [%emt 0:00:16]} Bc8 {[%emt 0:00:08]} 32. Rc7 {[%emt
0:00:07]} Be6 {[%emt 0:00:07]} 33. Rxb7 {[%emt 0:00:08]} Bxa2 {[%emt 0:00:02]}
34. Nxa2 {[%emt 0:00:05]} c5 {[%emt 0:00:01]} 35. Rxa7 {[%emt 0:00:06]} c4
{[%emt 0:00:03]} 36. Nb4 { [%emt 0:00:10]} Kh8 {[%emt 0:00:05]} 37. Re7 {[%emt
0:00:11]} Kg8 {[%emt 0:00:04]} 38. Nc2 {[%emt 0:00:08]} Kf8 {[%emt 0:00:03]}
39. Ne3 {[%emt 0:00:02]} Kg8 {[%emt 0:00:02]} 40. Nxc4 {[%emt 0:00:01]} Kf8
{[%emt 0:00:02]} 41. b4 { [%emt 0:00:02]} Kg8 {[%emt 0:00:01]} 42. b5 {[%emt
0:00:01]} Kf8 {[%emt 0:00:00]} 43. b6 {[%emt 0:00:01]} Kg8 {[%emt 0:00:00]} 44.
b7 {[%emt 0:00:01]} Kf8 { [%emt 0:00:00]} 45. b8=R# {[%emt 0:00:02]} 1-0

[Event "DSJ Weihnachtsturnier U20 2020"]
[Site "https://play.chessbase.com/en/play?room=DSJWeihnachtU20"]
[Date "2020.12.29"]
[Round "3"]
[White "Poggemann, Alexander"]
[Black "Weidenhöfer, Max"]
[Result "1-0"]
[Termination "normal"]
[Board "20.1"]
[WhiteElo "1813"]
[BlackElo "1763"]
[WhiteTeam "Schachverein Hemer 1932 2"]
[BlackTeam "TuS Varrel"]
[PlyCount "41"]
[WhiteFideId "16224167"]
[BlackFideId "16230566"]
[EventRounds "7"]
[EventType "team-swiss"]
[EventDate "2020.12.29"]

1. e4 {[%emt 0:00:03]} d5 {[%emt 0:00:04]} 2. exd5 {[%emt 0:00:03]} Qxd5 {
[%emt 0:00:02]} 3. Nc3 {[%emt 0:00:02]} Qd6 {[%emt 0:00:02]} 4. d4 {[%emt
0:00:03]} Nf6 {[%emt 0:00:02]} 5. Nf3 {[%emt 0:00:03]} c6 {[%emt 0:00:02]} 6.
Bc4 { [%emt 0:00:05]} Bg4 {[%emt 0:00:49]} 7. O-O {[%emt 0:00:05]} Bxf3 {[%emt
0:00:02]} 8. Qxf3 {[%emt 0:00:05]} Qxd4 {[%emt 0:00:08]} 9. Be2 {[%emt
0:00:11]} e6 {[%emt 0:00:10]} 10. Bf4 {[%emt 0:00:15]} Be7 {[%emt 0:00:13]} 11.
Rad1 { [%emt 0:00:08]} Qb6 {[%emt 0:00:14]} 12. b3 {[%emt 0:00:16]} Nd5 {[%emt
0:00:42]} 13. Be5 {[%emt 0:00:22]} O-O {[%emt 0:01:11]} 14. Qg3 {[%emt
0:00:18]} Nf6 {[%emt 0:00:09]} 15. Ne4 {[%emt 0:00:46]} Kh8 {[%emt 0:00:40]}
16. Nxf6 { [%emt 0:00:26]} Bxf6 {[%emt 0:00:15]} 17. Bc7 {[%emt 0:00:04]} Qb4
{[%emt 0:01:18]} 18. Bd6 {[%emt 0:00:13]} Qe4 {[%emt 0:00:19]} 19. Bd3 {[%emt
0:00:19]} Qh4 {[%emt 0:00:29] Varrel1-001 offers a draw} 20. Qxh4 {[%emt
0:00:03]} Bxh4 { [%emt 0:00:02]} 21. Bxf8 {[%emt 0:00:02]} 1-0

[Event "DSJ Weihnachtsturnier U20 2020"]
[Site "https://play.chessbase.com/en/play?room=DSJWeihnachtU20"]
[Date "2020.12.29"]
[Round "3"]
[White "Rehpenn, Tom"]
[Black "Mai, Artur"]
[Result "0-1"]
[Termination "normal"]
[Board "20.2"]
[WhiteElo "1419"]
[BlackElo "1737"]
[WhiteTeam "TuS Varrel"]
[BlackTeam "Schachverein Hemer 1932 2"]
[PlyCount "62"]
[WhiteFideId "16254708"]
[BlackFideId "16206851"]
[EventRounds "7"]
[EventType "team-swiss"]
[EventDate "2020.12.29"]

1. e4 {[%emt 0:00:03]} e6 {[%emt 0:00:01]} 2. d4 {[%emt 0:00:04]} d5 {[%emt
0:00:01]} 3. exd5 {[%emt 0:00:02]} exd5 {[%emt 0:00:01]} 4. Nc3 {[%emt
0:00:02]} Nf6 {[%emt 0:00:09]} 5. Bg5 {[%emt 0:00:07]} c6 {[%emt 0:00:04]} 6.
Nf3 { [%emt 0:00:10]} h6 {[%emt 0:00:03]} 7. Bh4 {[%emt 0:00:11]} Be7 {[%emt
0:00:22] } 8. Bxf6 {[%emt 0:00:16]} Bxf6 {[%emt 0:00:01]} 9. g3 {[%emt
0:00:01]} O-O { [%emt 0:00:04]} 10. Bg2 {[%emt 0:00:02]} Re8+ {[%emt 0:00:04]}
11. Ne2 { [%emt 0:00:07]} Qe7 {[%emt 0:00:20]} 12. c3 {[%emt 0:00:44]} Bf5
{[%emt 0:00:23]} 13. b3 {[%emt 0:00:43]} Nd7 {[%emt 0:00:40]} 14. a4 {[%emt
0:00:29]} c5 { [%emt 0:00:05]} 15. O-O {[%emt 0:00:20]} Qxe2 {[%emt 0:00:06]}
16. Qxe2 { [%emt 0:00:16]} Rxe2 {[%emt 0:00:00]} 17. dxc5 {[%emt 0:00:14]} Nxc5
{[%emt 0:00:03]} 18. b4 {[%emt 0:00:09]} Nb3 {[%emt 0:01:02]} 19. Rab1 {[%emt
0:00:09]} Nd2 {[%emt 0:00:03]} 20. Nxd2 {[%emt 0:00:01]} Rxd2 {[%emt 0:00:00]}
21. Rbd1 { [%emt 0:00:24]} Bxc3 {[%emt 0:00:06]} 22. Rxd2 {[%emt 0:00:06]} Bxd2
{[%emt 0:00:00]} 23. Bxd5 {[%emt 0:00:02]} Bxb4 {[%emt 0:00:08]} 24. Bxb7
{[%emt 0:00:03]} Rd8 {[%emt 0:00:06]} 25. f3 {[%emt 0:00:30]} Rd2 {[%emt
0:00:36]} 26. Re1 {[%emt 0:00:40]} Bh3 {[%emt 0:01:21]} 27. Re8+ {[%emt
0:00:26]} Kh7 {[%emt 0:00:02]} 28. Be4+ {[%emt 0:00:04]} f5 {[%emt 0:00:14]}
29. Bc6 {[%emt 0:00:27]} Bc5+ {[%emt 0:00:03]} 30. Kh1 {[%emt 0:00:17]} Rd1+
{[%emt 0:00:00]} 31. Re1 { [%emt 0:00:29]} Rxe1# {[%emt 0:00:00]} 0-1

[Event "DSJ Weihnachtsturnier U20 2020"]
[Site "https://play.chessbase.com/en/play?room=DSJWeihnachtU20"]
[Date "2020.12.29"]
[Round "3"]
[White "Anderson, Kim"]
[Black "Hix, Jonathan"]
[Result "1/2-1/2"]
[Termination "normal"]
[Board "21.4"]
[WhiteElo "1122"]
[BlackElo "795"]
[WhiteTeam "SC 1948 Ersingen"]
[BlackTeam "SGem Aschheim/Feldkirchen/Kirchheim 3"]
[PlyCount "86"]
[BlackFideId "34634630"]
[EventRounds "7"]
[EventType "team-swiss"]
[EventDate "2020.12.29"]

1. e4 {[%emt 0:00:05]} e5 {[%emt 0:00:08]} 2. Nf3 {[%emt 0:00:04]} Nc6 { [%emt
0:00:06]} 3. d4 {[%emt 0:00:05]} d6 {[%emt 0:00:13]} 4. Nc3 {[%emt 0:00:08]}
Be7 {[%emt 0:00:12]} 5. d5 {[%emt 0:00:18]} Nb4 {[%emt 0:00:04]} 6. a3 { [%emt
0:00:07]} Na6 {[%emt 0:00:16]} 7. Bxa6 {[%emt 0:00:22]} bxa6 {[%emt 0:00:15]}
8. O-O {[%emt 0:00:11]} Bf6 {[%emt 0:00:09]} 9. Be3 {[%emt 0:00:14]} Ne7 {
[%emt 0:00:05]} 10. Ne2 {[%emt 0:00:13]} O-O {[%emt 0:00:08]} 11. b3 {[%emt
0:00:05]} a5 {[%emt 0:00:05]} 12. c4 {[%emt 0:00:05]} Ba6 {[%emt 0:00:15]} 13.
Nc3 {[%emt 0:00:07]} Ng6 {[%emt 0:00:08]} 14. b4 {[%emt 0:00:24]} axb4 { [%emt
0:00:03]} 15. axb4 {[%emt 0:00:14]} Bxc4 {[%emt 0:00:02]} 16. Re1 { [%emt
0:00:31]} Ne7 {[%emt 0:00:06]} 17. Rxa7 {[%emt 0:00:11]} Rxa7 {[%emt 0:00:05]}
18. Bxa7 {[%emt 0:00:04]} c6 {[%emt 0:00:05]} 19. dxc6 {[%emt 0:00:32]} Nxc6
{[%emt 0:00:05]} 20. Be3 {[%emt 0:00:08]} Nxb4 {[%emt 0:00:14]} 21. Qa4 { [%emt
0:00:10]} Nd3 {[%emt 0:00:20]} 22. Rb1 {[%emt 0:00:23]} Be6 {[%emt 0:00:25]}
23. Qa6 {[%emt 0:00:19]} Nc5 {[%emt 0:00:15]} 24. Bxc5 {[%emt 0:00:21]} dxc5
{[%emt 0:00:02]} 25. Rd1 {[%emt 0:00:08]} Qa8 {[%emt 0:00:18]} 26. Qb5 { [%emt
0:00:18]} Qa3 {[%emt 0:00:30]} 27. Nd5 {[%emt 0:00:44]} Bxd5 {[%emt 0:00:16]}
28. Rxd5 {[%emt 0:00:26]} Qa1+ {[%emt 0:00:12]} 29. Qf1 {[%emt 0:00:04]} Qxf1+
{[%emt 0:00:16]} 30. Kxf1 {[%emt 0:00:01]} c4 {[%emt 0:00:02]} 31. Nxe5 { [%emt
0:00:14]} Bxe5 {[%emt 0:00:03]} 32. Rxe5 {[%emt 0:00:03]} c3 {[%emt 0:00:01]}
33. Rc5 {[%emt 0:00:03]} Re8 {[%emt 0:00:03]} 34. f3 {[%emt 0:00:03]} h6 {
[%emt 0:00:04]} 35. Rxc3 {[%emt 0:00:03]} Rd8 {[%emt 0:00:03]} 36. Ke2 { [%emt
0:00:11]} Ra8 {[%emt 0:00:11]} 37. Rc2 {[%emt 0:00:13]} Ra1 {[%emt 0:00:06]}
38. g4 {[%emt 0:00:16]} Rh1 {[%emt 0:00:05]} 39. Ke3 {[%emt 0:00:01]} Re1+
{[%emt 0:00:09]} 40. Re2 {[%emt 0:00:05]} Rf1 {[%emt 0:00:09]} 41. h4 {[%emt
0:00:22]} Rh1 {[%emt 0:00:08]} 42. h5 {[%emt 0:00:03]} Rh3 {[%emt 0:00:04]} 43.
Kf4 {[%emt 0:00:10] Aschhm3-004 offers a draw} Rh1 {[%emt 0:00:21]} 1/2-1/2

[Event "DSJ Weihnachtsturnier U20 2020"]
[Site "https://play.chessbase.com/en/play?room=DSJWeihnachtU20"]
[Date "2020.12.29"]
[Round "3"]
[White "Müller, Fabian"]
[Black "Krumm, Arthur"]
[Result "0-1"]
[Termination "normal"]
[Board "22.2"]
[WhiteElo "964"]
[BlackElo "1667"]
[WhiteTeam "SGem Aschheim/Feldkirchen/Kirchheim 2"]
[BlackTeam "SGem Aschheim/Feldkirchen/Kirchheim"]
[PlyCount "34"]
[WhiteFideId "34607846"]
[BlackFideId "34607811"]
[EventRounds "7"]
[EventType "team-swiss"]
[EventDate "2020.12.29"]

1. d4 {[%emt 0:00:19]} e6 {[%emt 0:00:06]} 2. e4 { [%emt 0:00:04]} d5 {[%emt
0:00:02]} 3. Nc3 {[%emt 0:00:02]} Bb4 {[%emt 0:00:02] } 4. exd5 {[%emt
0:00:09]} Bxc3+ {[%emt 0:00:14]} 5. bxc3 {[%emt 0:00:03]} exd5 {[%emt 0:00:00]}
6. Ba3 {[%emt 0:00:10]} Ne7 {[%emt 0:00:18]} 7. Qe2 {[%emt 0:00:04]} Nbc6
{[%emt 0:00:02]} 8. Nf3 {[%emt 0:00:04]} O-O {[%emt 0:00:02]} 9. Ne5 {[%emt
0:00:11]} Re8 {[%emt 0:00:04]} 10. Bxe7 {[%emt 0:00:30]} Rxe7 { [%emt 0:00:13]}
11. f4 {[%emt 0:00:09]} f6 {[%emt 0:00:03]} 12. Qb5 {[%emt 0:00:21]} fxe5
{[%emt 0:00:11]} 13. fxe5 {[%emt 0:00:00]} a6 {[%emt 0:00:12]} 14. Qb3 {[%emt
0:00:12]} Bg4 {[%emt 0:00:17]} 15. Bd3 {[%emt 0:00:12]} Nxe5 { [%emt 0:00:19]}
16. dxe5 {[%emt 0:00:10]} Rxe5+ {[%emt 0:00:02]} 17. Kd2 { [%emt 0:00:03]} Qg5#
{[%emt 0:00:09]} 0-1

[Event "DSJ Weihnachtsturnier U20 2020"]
[Site "https://play.chessbase.com/en/play?room=DSJWeihnachtU20"]
[Date "2020.12.29"]
[Round "3"]
[White "Centgraf, Andra's"]
[Black "Zurbuchen, Felix"]
[Result "1-0"]
[Termination "normal"]
[Board "22.3"]
[WhiteElo "1504"]
[BlackElo "1378"]
[WhiteTeam "SGem Aschheim/Feldkirchen/Kirchheim"]
[BlackTeam "SGem Aschheim/Feldkirchen/Kirchheim 2"]
[PlyCount "83"]
[WhiteFideId "34611177"]
[EventRounds "7"]
[EventType "team-swiss"]
[EventDate "2020.12.29"]

1. d4 {[%emt 0:00:19]} d5 {[%emt 0:00:12]} 2. c4 {[%emt 0:00:01]} c6 {[%emt
0:00:11]} 3. cxd5 {[%emt 0:00:02]} cxd5 {[%emt 0:00:01]} 4. Nf3 {[%emt
0:00:01]} Nf6 {[%emt 0:00:02]} 5. Nc3 {[%emt 0:00:03]} Bf5 {[%emt 0:00:06]} 6.
Bf4 { [%emt 0:00:01]} Nc6 {[%emt 0:00:11]} 7. e3 {[%emt 0:00:01]} e6 {[%emt
0:00:05]} 8. Bd3 {[%emt 0:00:02]} Bxd3 {[%emt 0:00:06]} 9. Qxd3 {[%emt
0:00:00]} Be7 { [%emt 0:00:01]} 10. O-O {[%emt 0:00:05]} h6 {[%emt 0:00:03]}
11. Rac1 {[%emt 0:00:12]} O-O {[%emt 0:00:03]} 12. a3 {[%emt 0:00:06]} a5
{[%emt 0:00:06]} 13. Rc2 {[%emt 0:00:21]} Rc8 {[%emt 0:00:16]} 14. Rfc1 {[%emt
0:00:06]} Qd7 { [%emt 0:00:25]} 15. Qb5 {[%emt 0:00:05]} Nh5 {[%emt 0:00:24]}
16. Na4 {[%emt 0:00:09]} Nxf4 {[%emt 0:00:04]} 17. exf4 {[%emt 0:00:00]} Rc7
{[%emt 0:00:16]} 18. Nb6 {[%emt 0:00:18]} Qd6 {[%emt 0:00:04]} 19. Qd3 {[%emt
0:00:10]} Qxf4 { [%emt 0:00:22]} 20. g3 {[%emt 0:00:07]} Qd6 {[%emt 0:00:28]}
21. Kg2 {[%emt 0:00:09]} Bf6 {[%emt 0:00:09]} 22. Rc5 {[%emt 0:00:14]} Re7
{[%emt 0:00:31]} 23. Nd2 {[%emt 0:00:34]} Bxd4 {[%emt 0:00:16]} 24. Rxc6 {[%emt
0:00:08]} bxc6 { [%emt 0:00:20]} 25. Qxd4 {[%emt 0:00:06]} Rc7 {[%emt 0:00:24]}
26. Rc5 { [%emt 0:00:20]} Rb8 {[%emt 0:00:13]} 27. Nbc4 {[%emt 0:00:08]} Qe7
{[%emt 0:00:25]} 28. Nxa5 {[%emt 0:00:07]} Rb6 {[%emt 0:00:21]} 29. b4 {[%emt
0:00:08]} Rb5 {[%emt 0:00:33]} 30. Rxb5 {[%emt 0:00:08]} cxb5 {[%emt 0:00:00]}
31. Ndb3 { [%emt 0:00:10]} Rc2 {[%emt 0:00:23]} 32. Nc5 {[%emt 0:00:16]} Qg5
{[%emt 0:00:18]} 33. Nc6 {[%emt 0:00:15]} Rd2 {[%emt 0:00:21]} 34. Qc3 {[%emt
0:00:26]} Ra2 {[%emt 0:00:27]} 35. Na7 {[%emt 0:01:04]} Qf5 {[%emt 0:00:23]}
36. Qe3 { [%emt 0:00:15]} Qf6 {[%emt 0:00:29]} 37. Nxb5 {[%emt 0:00:05]} e5
{[%emt 0:00:36]} 38. a4 {[%emt 0:00:09]} d4 {[%emt 0:00:06]} 39. Qf3 {[%emt
0:00:05]} Qb6 { [%emt 0:00:18]} 40. Qa8+ {[%emt 0:01:58]} Kh7 {[%emt 0:00:04]}
41. Nd7 { [%emt 0:00:00]} g6 {[%emt 0:00:52]} 42. Nxb6 {[%emt 0:00:10]} 1-0

[Event "DSJ Weihnachtsturnier U20 2020"]
[Site "https://play.chessbase.com/en/play?room=DSJWeihnachtU20"]
[Date "2020.12.29"]
[Round "3"]
[White "Mudan, Gaurav Singh"]
[Black "El Sewisy, Aiman"]
[Result "0-1"]
[Termination "normal"]
[Board "22.4"]
[WhiteElo "883"]
[BlackElo "893"]
[WhiteTeam "SGem Aschheim/Feldkirchen/Kirchheim 2"]
[BlackTeam "SGem Aschheim/Feldkirchen/Kirchheim"]
[PlyCount "44"]
[WhiteFideId "34634606"]
[BlackFideId "34607803"]
[EventRounds "7"]
[EventType "team-swiss"]
[EventDate "2020.12.29"]

1. e4 {[%emt 0:00:08]} c5 {[%emt 0:00:03]} 2. Nf3 {[%emt 0:00:04]} Nc6 { [%emt
0:00:03]} 3. Nc3 {[%emt 0:00:06]} g6 {[%emt 0:00:03]} 4. Bc4 {[%emt 0:00:06]}
Bg7 {[%emt 0:00:04]} 5. a3 {[%emt 0:00:04]} Nf6 {[%emt 0:00:04]} 6. O-O { [%emt
0:00:12]} O-O {[%emt 0:00:03]} 7. d3 {[%emt 0:00:05]} d6 {[%emt 0:00:25]} 8.
Nd5 {[%emt 0:00:28]} Nxd5 {[%emt 0:00:21]} 9. Bxd5 {[%emt 0:00:05]} Kh8 { [%emt
0:00:04]} 10. Ng5 {[%emt 0:00:04]} e6 {[%emt 0:00:31]} 11. Bb3 {[%emt 0:00:06]}
d5 {[%emt 0:00:56]} 12. exd5 {[%emt 0:00:18]} exd5 {[%emt 0:00:04]} 13. Re1
{[%emt 0:00:07]} b5 {[%emt 0:01:19]} 14. c4 {[%emt 0:00:15]} bxc4 {[%emt
0:00:21]} 15. dxc4 {[%emt 0:00:02]} d4 {[%emt 0:00:26]} 16. Qf3 {[%emt
0:00:18]} Qc7 {[%emt 0:01:20]} 17. Ba4 {[%emt 0:01:02]} Bd7 {[%emt 0:00:47]}
18. Bf4 { [%emt 0:00:38]} Qb6 {[%emt 0:00:39]} 19. Re7 {[%emt 0:00:30]} Nxe7
{[%emt 0:00:41]} 20. Bxd7 {[%emt 0:00:04]} Qxb2 {[%emt 0:00:27]} 21. Bd6 {[%emt
0:00:14]} Qxa1+ {[%emt 0:00:11]} 22. Qd1 {[%emt 0:00:06]} Qxd1# {[%emt
0:00:02]} 0-1